| 000 | 02343cam a2200409 a 4500 | ||
|---|---|---|---|
| 001 | 14527354 | ||
| 005 | 20170105102839.0 | ||
| 008 | 060830s2007 enk b 001 0 eng | ||
| 010 | _a 2006028990 | ||
| 015 |
_aGBA655625 _2bnb |
||
| 016 | 7 |
_a013494690 _2Uk |
|
| 020 | _a9780415400251 (hardback) | ||
| 020 | _a0415400252 (hardback) | ||
| 020 | _a9780203964224 (ebook) | ||
| 020 | _a0203964225 (ebook) | ||
| 035 | _a(OCoLC)ocm71241968 | ||
| 040 |
_aDLC _cDLC _dBAKER _dYDXCP _dBTCTA _dC#P _dUKM _dOCLCA _dDLC |
||
| 043 |
_aaw----- _aff----- _ae-sp--- |
||
| 050 | 0 | 0 |
_aDS38.2 _b.T325173 2007 |
| 082 | 0 | 0 |
_a907.2 _222 |
| 082 | 0 | 0 |
_a909.097670072 _222 |
| 100 | 1 |
_aPeacock, A. C. S. _q(Andrew C. S.) |
|
| 245 | 1 | 0 |
_aMediaeval Islamic historiography and political legitimacy : _bBalʻamī's Tārīkhnāma / _cA.C.S Peacock. |
| 260 |
_aLondon ; _aNew York : _bRoutledge, _c2007. |
||
| 300 |
_axiii, 210 p. ; _c25 cm. |
||
| 440 | 0 | _aRoutledge studies in the history of Iran and Turkey | |
| 504 | _aIncludes bibliographical references (p. [189]-202) and indexes. | ||
| 505 | 0 | _aPreface -- Acknowledgements -- Abbreviations -- Introduction -- Politics, religion and culture in the late Sāmānid state -- The transmission of the Tārīkhnāma's text -- Balʻamī's reshaping of Ṭabarī's history -- The contents and purpose of Balʻamī's alterations to Ṭabarī's History -- The Tārīkhnāma after Balʻamī -- General conclusions -- Comparison of postulated redactions of the Tārīkhnāma -- Comparison of the Arabic translation of the Tārīkhnāma and the Persian text -- Addenda and corrigenda to Daniel's "An annotated inventory of Balʻamī's manuscripts" -- Bibliography -- Subject index -- Manuscript index. | |
| 600 | 1 | 0 |
_aBalʻamī, Abū ʻAlī Muḥammad ibn Muḥammad, _dactive 946-973. _tTārīkhnāmah-ʼi Ṭabarī. |
| 600 | 0 | 0 |
_aṬabarī, _d838?-923. _tTārīkh al-rusul wa-al-mulūk. |
| 651 | 0 |
_aIslamic Empire _xHistory _xHistoriography. |
|
| 856 | 4 | 1 |
_3Table of contents only _uhttp://www.loc.gov/catdir/toc/ecip0620/2006028990.html |
| 856 | 4 | 2 |
_3Publisher description _uhttp://www.loc.gov/catdir/enhancements/fy0731/2006028990-d.html |
| 906 |
_a7 _bcbc _corignew _d1 _eecip _f20 _gy-gencatlg |
||
| 942 |
_2ddc _cBK |
||
| 999 |
_c13787 _d13787 |
||